África e Brasil africano (Record no. 74705)

MARC details
000 -LÍDER
campo de controle de tamanho fixo 00363 a2200157 4500
001 - NÚMERO DE CONTROLE
campo de controle 74705
020 ## - ISBN - INTERNATIONAL STANDARD BOOK NUMBER
ISBN - International Standard Book Number 9788508108961
040 ## - FONTE DA CATALOGAÇÃO
Instituição que transcreveu o registro Anchieta - Colégio São Paulo
100 ## - ENTRADA PRINCIPAL--NOME PESSOAL
Nome pessoal Souza, Marina de Mello e
240 10 - TÍTULO UNIFORME
Título uniforme África e Brasil africano
Idioma da obra Ing
245 10 - TÍTULO
Título África e Brasil africano
300 ## - DESCRIÇÃO FÍSICA
Extensão 175
362 0# - DATAS DE PUBLICAÇÃO E/OU DESIGNAÇÃO SEQUENCIAL
Datas de publicação e/ou designação sequencial 2007
650 #4 - ASSUNTO--TERMO TÓPICO
Cabeçalho tópico ou nome geográfico Brasil
942 ## - ELEMENTOS DE ENTRADA ADICIONADOS (KOHA)
Tipo de material Koha Livros
Holdings
Situação do descarte Situação das perdas Situação física Não pode ser emprestado Biblioteca de origem Biblioteca atual Data de aquisição Total de empréstimos Número de chamada completo Código de barras Data de último acesso Data do preço efetivo Tipo de material Koha
        Colégio São Paulo Colégio São Paulo 22/11/2023   981 S729a 5571/CSP 22/11/2023 22/11/2023 Livros
        Colégio São Paulo Colégio São Paulo 22/11/2023   981 S729a 5572/CSP 22/11/2023 22/11/2023 Livros